Canicultura, razas y explotación del perro / (Record no. 139100)

MARC details
000 -LEADER
campo de control de longitud fija 00600nam a2200205 4500
001 - NÚMERO DE CONTROL
campo de control 139100
003 - IDENTIFICADOR DE NÚMERO DE CONTROL
campo de control ES-MaACL
005 - FECHA Y HORA DE LA ÚLTIMA TRANSACCIÓN
campo de control 20230906195713.0
007 - CAMPO FIJO DE DESCRIPCIÓN FÍSICA--INFORMACIÓN GENERAL
campo de control de longitud fija t|
008 - DATOS DE LONGITUD FIJA--INFORMACIÓN GENERAL
campo de control de longitud fija 070214s1963 sp r ||||1| spa d
100 1# - ENTRADA PRINCIPAL--NOMBRE DE PERSONA
Nombre de persona Sarazá Ortiz, Rafael.
9 (RLIN) 103778
245 10 - MENCIÓN DEL TÍTULO
Título Canicultura, razas y explotación del perro /
Mención de responsabilidad, etc. Rafael Sarazá Ortiz.
250 ## - MENCION DE EDICION
Mención de edición 1ª. ed.
260 ## - PUBLICACIÓN, DISTRIBUCIÓN, ETC.
Lugar de publicación, distribución, etc. Barcelona :
Nombre del editor, distribuidor, etc. Salvat,
Fecha de publicación, distribución, etc. 1963.
300 ## - DESCRIPCIÓN FÍSICA
Extensión 767 p. :
Otras características físicas il. ;
Dimensiones 23 cm +
Material acompañante/anejo 11 map.
490 1# - MENCIÓN DE SERIE
Mención de serie Agrícola salvat
830 0# - PUNTO DE ACCESO ADICIONAL DE SERIE-TÍTULO UNIFORME
Título uniforme Agrícola salvat
9 (RLIN) 181573
852 ## - LOCALIZACIÓN
Ubicación ES-MaACL
Número de control de estantería C-23823
Sublocalización o colección R.52520
Holdings
Estatus retirado Estado de pérdida Estado de daño No para préstamo Biblioteca de origen Biblioteca actual Ubicación en estantería Fecha de adquisición Fuente de adquisición Total de préstamos Signatura topográfica completa Código de barras Visto por última vez Precio de reemplazo Tipo de ítem Koha
        Biblioteca del Ateneo de Madrid Biblioteca del Ateneo de Madrid Depósito 2 17/01/2008     C-23823 1144753 23/02/2023 23/02/2023 Libro impreso